书目信息 |
| 题名: |
对称性、轨道和光谱
|
|
| 作者: | 奥钦 , 雅费 著 ;徐广智 译 | |
| 分册: | ||
| 出版信息: | 北京 科学出版社 1980 |
|
| 页数: | 444页 | |
| 开本: | 19cm | |
| 丛书名: | ||
| 单 册: | ||
| 中图分类: | O641.1 | |
| 科图分类: | ||
| 主题词: | 对称 , 轨道 , 光谱 | |
| 电子资源: | ||
| ISBN: | ||
| 000 | 00758nam0 2200277 45 | |
| 001 | 0180005004 | |
| 005 | 20060727174819.79 | |
| 010 | @dCNY2.15 | |
| 091 | @a12031.1324 | |
| 100 | @a19950626d1980 em y0chiy0121 ea | |
| 101 | 1 | @achi@ceng |
| 102 | @aCN@b110000 | |
| 105 | @ay z 000yy | |
| 200 | 10 | @a对称性、轨道和光谱@Adui chen xing、 gui dao he guang pu@f()M·奥钦, H·H·雅费著@F()M·ao qin,H·H·ya fei zhu@g徐广智译 |
| 210 | @a北京@c科学出版社@d1980 | |
| 215 | @a444页@d19cm | |
| 606 | @a对称 | |
| 606 | @a轨道 | |
| 606 | @a光谱 | |
| 690 | @aO641.1@v3 | |
| 701 | 0 | @a奥钦@Aao qin@4著 |
| 701 | 0 | @a雅费@Aya fei@4著 |
| 702 | 0 | @a徐广智@Axu guang zhi@4译 |
| 801 | 2 | @aCN@bNLC@c20060727 |
| 801 | 0 | @aCN@bTSSF |
| 905 | @a10447@dO641.1@e56 | |
| 对称性、轨道和光谱/()M·奥钦, H·H·雅费著/徐广智译.-北京:科学出版社,1980 |
| 444页;19cm |
| ISBN :CNY2.15 |
| ● |
| 相关链接 |
|
|
|
|
正题名:对称性、轨道和光谱
索取号:O641.1/56
 
预约/预借
| 序号 | 登录号 | 条形码 | 馆藏地/架位号 | 状态 | 备注 |
| 1 | 0433872 | 204338724 | 密集书库/ [索取号:O641.1/56] | 在馆 |